[Event "Riga RTU rapid op"]
[Site "Riga"]
[Date "2019.07.04"]
[Round "4"]
[White "Pavlovs, Nikita"]
[Black "Gudovskis, Konstantins"]
[Result "0-1"]
[WhiteElo "1864"]
[BlackElo "2108"]
[PlyCount "52"]
[EventDate "2019.07.04"]
[EventType "swiss (rapid)"]
[EventRounds "9"]
[EventCountry "LAT"]
[SourceTitle "EXT 2020"]
[Source "ChessBase"]
[SourceDate "2019.10.17"]
[SourceVersion "1"]
[SourceVersionDate "2019.10.17"]
[SourceQuality "1"]

1. c4 e5 2. Nc3 Nc6 3. Nf3 Nf6 4. e3 g6 5. d4 exd4 6. exd4 d6 7. Be2 Bg7 8. 0-0 0-0 9. b3 Re8 10. Bb2 Bf5 11. d5 Ne5 12. Nxe5 Rxe5 13. Bf3 a6 14. Ne2 Re7 15. Ng3 Bd7 16. h4 h5 17. Qd2 Ng4 18. Bxg7 Kxg7 19. Nxh5+ gxh5 20. Qg5+ Kh7 21. Qxh5+ Nh6 22. g4 Bxg4 23. Bxg4 Re5 24. Bf5+ Rxf5 25. Qe2 Qxh4 26. f3 Rg8+ 0-1

[Event "Panevezys op-A"]
[Site "Panevezys"]
[Date "2019.06.29"]
[Round "8"]
[White "Pavlovs, Nikita"]
[Black "Salna, Aleksandras"]
[Result "0-1"]
[WhiteElo "1845"]
[BlackElo "1916"]
[PlyCount "59"]
[EventDate "2019.06.24"]
[EventType "swiss"]
[EventRounds "9"]
[EventCountry "LTU"]
[SourceTitle "CBM 191 Extra"]
[Source "ChessBase"]
[SourceDate "2019.09.30"]
[SourceVersion "1"]
[SourceVersionDate "2019.09.30"]
[SourceQuality "1"]

1. d4 Nf6 2. c4 e5 3. dxe5 Ng4 4. Nf3 Bc5 5. e3 Nc6 6. Be2 Ngxe5 7. 0-0 0-0 8. a3 a5 9. Nc3 Nxf3+ 10. Bxf3 Ne5 11. Be2 Re8 12. b3 Ra6 13. Bb2 Rh6 14. g3 d6 15. Ne4 Ba7 16. c5 Bd7 17. b4 Bc6 18. b5 Bxe4 19. f3 Bf5 20. f4 Nd7 21. g4 Qh4 22. Rf2 Ne5 23. Bxe5 Bxc5 24. Bd4 Rg6 25. Rg2 Be4 26. f5 Rh6 27. Rf2 Qg3+ 28. Kf1 Rxh2 29. Rxh2 Qxh2 30. Bc4 0-1

[Event "Panevezys op-A"]
[Site "Panevezys"]
[Date "2019.06.26"]
[Round "5"]
[White "Aleksandravicius, Darius"]
[Black "Pavlovs, Nikita"]
[Result "0-1"]
[WhiteElo "1668"]
[BlackElo "1845"]
[PlyCount "90"]
[EventDate "2019.06.24"]
[EventType "swiss"]
[EventRounds "9"]
[EventCountry "LTU"]
[SourceTitle "CBM 191 Extra"]
[Source "ChessBase"]
[SourceDate "2019.09.30"]
[SourceVersion "1"]
[SourceVersionDate "2019.09.30"]
[SourceQuality "1"]

1. Nf3 g6 2. c4 Nf6 3. Nc3 Bg7 4. e4 d6 5. d4 0-0 6. Be2 e5 7. 0-0 Nc6 8. d5 Ne7 9. b4 a5 10. Ba3 axb4 11. Bxb4 b6 12. a4 Bg4 13. h3 Bxf3 14. Bxf3 Nd7 15. a5 bxa5 16. Rxa5 Rxa5 17. Bxa5 Nb6 18. Qb3 Nec8 19. Bb4 f5 20. c5 Nd7 21. c6 Ndb6 22. Be2 Bh6 23. Bd3 Bd2 24. Nb1 Bxb4 25. Qxb4 fxe4 26. Bxe4 Qh4 27. Qe1 Ne7 28. Nc3 Kg7 29. Qe2 Nf5 30. Nb5 Rf7 31. Rd1 h5 32. Rd3 Qf4 33. Rf3 Qc1+ 34. Kh2 Nd4 35. Rxf7+ Kxf7 36. Nxd4 exd4 37. Qf3+ Kg7 38. Bd3 Qg5 39. Be4 h4 40. g3 Na4 41. Qd3 Qf6 42. f4 Nc5 43. Qe2 Qe7 44. Bf3 Qe3 45. Qd1 Qf2+ 0-1